00240nam a2200097Ia 4500008004100000245004900041260002200090440000600112942000700118999001700125140130s9999 xx 000 0 und d cBaer, EdithaThis is the way we go to school bScholastic,c2006 v1 cBK c41591d41591